MARC details
| 000 -LEADER |
| fixed length control field |
01574nam a2200409 i 4500 |
| 003 - CONTROL NUMBER IDENTIFIER |
| control field |
SJDS |
| 005 - DATE AND TIME OF LATEST TRANSACTION |
| control field |
20160818190012.0 |
| 008 - FIXED-LENGTH DATA ELEMENTS--GENERAL INFORMATION |
| fixed length control field |
150701s2014 sp a j 000 1 spa d |
| 010 ## - LIBRARY OF CONGRESS CONTROL NUMBER |
| LC control number |
bl2015026539 |
| 020 ## - INTERNATIONAL STANDARD BOOK NUMBER |
| International Standard Book Number |
9788483432877 |
| Qualifying information |
pbk. : |
| Terms of availability |
$7.95 |
| 040 ## - CATALOGING SOURCE |
| Original cataloging agency |
NjBwBT |
| Language of cataloging |
eng |
| Transcribing agency |
NjBwBT |
| Description conventions |
rda |
| 041 ## - LANGUAGE CODE |
| Language code of text/sound track or separate title |
spa |
| 100 1# - MAIN ENTRY--PERSONAL NAME |
| Personal name |
Roca, Elisenda, |
| Dates associated with a name |
1963- |
| Relator term |
author. |
| 245 10 - TITLE STATEMENT |
| Title |
Esto es mío! : |
| Remainder of title |
un cuento para aprender a compartir / |
| Statement of responsibility, etc. |
Elisenda Roca ; Cristina Losantos, ilustraciones. |
| 250 ## - EDITION STATEMENT |
| Edition statement |
Primera edición. |
| 260 ## - PUBLICATION, DISTRIBUTION, ETC. (IMPRINT) |
| Place of publication, distribution, etc. |
Barcelona : |
| Name of publisher, distributor, etc. |
Bambú Editorial, |
| Date of publication, distribution, etc. |
2014. |
| 264 #1 - PRODUCTION, PUBLICATION, DISTRIBUTION, MANUFACTURE, AND COPYRIGHT NOTICE |
| Place of production, publication, distribution, manufacture |
Barcelona : |
| Name of producer, publisher, distributor, manufacturer |
Bambú Editorial, |
| Date of production, publication, distribution, manufacture, or copyright notice |
2014. |
| 300 ## - PHYSICAL DESCRIPTION |
| Extent |
47 pages : |
| Other physical details |
color illustrations ; |
| Dimensions |
19 cm. |
| 336 ## - CONTENT TYPE |
| Content type term |
text |
| Source |
rdacontent. |
| 336 ## - CONTENT TYPE |
| Content type term |
still image |
| Source |
rdacontent. |
| 337 ## - MEDIA TYPE |
| Media type term |
unmediated |
| Source |
rdamedia. |
| 338 ## - CARRIER TYPE |
| Carrier type term |
volume |
| Source |
rdacarrier. |
| 490 1# - SERIES STATEMENT |
| Series statement |
Bamb©ð primeros lectores ; |
| Volume/sequential designation |
21. |
| 520 ## - SUMMARY, ETC. |
| Summary, etc. |
All of a sudden, Alejo, who used to be willing to share, decides that what is his is his and he will not share it with anyone, not even his little brother. |
| 650 #7 - SUBJECT ADDED ENTRY--TOPICAL TERM |
| Topical term or geographic name as entry element |
Compartir |
| Form subdivision |
Novela juvenil. |
| Source of heading or term |
lcsh-es. |
| 650 #0 - SUBJECT ADDED ENTRY--TOPICAL TERM |
| Topical term or geographic name as entry element |
Sharing |
| Form subdivision |
Juvenile fiction. |
| 650 #7 - SUBJECT ADDED ENTRY--TOPICAL TERM |
| Topical term or geographic name as entry element |
Hermanos |
| Form subdivision |
Novela juvenil. |
| Source of heading or term |
lcsh-es. |
| 650 #0 - SUBJECT ADDED ENTRY--TOPICAL TERM |
| Topical term or geographic name as entry element |
Brothers |
| Form subdivision |
Juvenile fiction. |
| 650 #0 - SUBJECT ADDED ENTRY--TOPICAL TERM |
| Topical term or geographic name as entry element |
Family life |
| Form subdivision |
Juvenile fiction. |
| 655 #7 - INDEX TERM--GENRE/FORM |
| Genre/form data or focus term |
Cuentos en rima. |
| Source of term |
lcsh-es. |
| 655 #0 - INDEX TERM--GENRE/FORM |
| Genre/form data or focus term |
Stories in rhyme. |
| 655 #7 - INDEX TERM--GENRE/FORM |
| Genre/form data or focus term |
Materias en español. |
| Source of term |
lcsh-es. |
| 655 #0 - INDEX TERM--GENRE/FORM |
| Genre/form data or focus term |
Spanish language materials. |
| 700 1# - ADDED ENTRY--PERSONAL NAME |
| Personal name |
Losantos, Cristina, |
| Relator term |
illustrator. |
| 830 #0 - SERIES ADDED ENTRY--UNIFORM TITLE |
| Uniform title |
Primeros lectores (Bamb©ð Editorial) ; |
| Volume number/sequential designation |
21. |
| 942 ## - ADDED ENTRY ELEMENTS (KOHA) |
| Koha item type |
Libro/Book |
| Source of classification or shelving scheme |
Dewey Decimal Classification |